[Event "Villa Helenenhof op"]
[Site "Bad Schwalbach"]
[Date "2009.10.16"]
[Round "7"]
[White "Winkler, Claudia"]
[Black "Kalbhenn, Josef"]
[Result "0-1"]
[WhiteElo "982"]
[BlackElo "1412"]
[PlyCount "140"]
[EventDate "2009.10.12"]
[EventType "swiss"]
[EventRounds "9"]
[EventCountry "GER"]
[SourceTitle "CBM 132 Extra"]
[Source "ChessBase"]
[SourceDate "2009.11.03"]
[SourceVersion "1"]
[SourceVersionDate "2009.11.03"]
[SourceQuality "1"]

1. e4 e6 2. d4 d5 3. exd5 exd5 4. Nf3 Nf6 5. Bg5 Be7 6. c3 c6 7. Nbd2 Bg4 8. Be2 0-0 9. h3 Bxf3 10. Nxf3 Nbd7 11. Qd2 Ne4 12. Bxe7 Qxe7 13. Qe3 Rae8 14. Nd2 Ndf6 15. Nxe4 Nxe4 16. 0-0 Qd6 17. Bd3 Nxc3 18. Qd2 Ne4 19. Bxe4 Rxe4 20. f3 Re6 21. Rfe1 Rfe8 22. Rxe6 Qxe6 23. Kf1 f6 24. Qa5 Qe2+ 25. Kg1 Qe3+ 26. Kh1 Qxd4 27. Re1 Rxe1+ 28. Qxe1 Qe5 29. Qb4 b6 30. Kg1 Kf7 31. Kf2 Qe7 32. Qh4 Kg8 33. a4 Qc5+ 34. Kg3 Qc1 35. Qg4 Qe1+ 36. Kh2 Qe5+ 37. Kg1 f5 38. Qg5 Qf6 39. Qf4 Qxb2 40. Qc7 Qd4+ 41. Kh2 Qxa4 42. Qe5 h6 43. Qxf5 Qb4 44. Qe6+ Kf8 45. Qf5+ Ke7 46. Qe5+ Kd8 47. Qb8+ Kd7 48. Qxa7+ Ke6 49. Qxg7 Qf4+ 50. Kg1 Kd6 51. Qg6+ Kc5 52. Kf1 b5 53. Qc2+ Qc4+ 54. Qxc4+ Kxc4 55. Ke2 Kc3 56. f4 Kd4 57. f5 Ke5 58. g4 c5 59. Kd3 b4 60. Kd2 c4 61. Kc2 d4 62. h4 Kf6 63. Kc1 b3 64. Kd2 c3+ 65. Kd1 d3 66. Kc1 b2+ 67. Kb1 d2 68. g5+ hxg5 69. hxg5+ Kxf5 70. Kc2 b1Q+ 0-1

[Event "Villa Helenenhof op"]
[Site "Bad Schwalbach"]
[Date "2009.10.14"]
[Round "4"]
[White "Winkler, Claudia"]
[Black "Aurin, Werner"]
[Result "0-1"]
[WhiteElo "982"]
[BlackElo "1494"]
[PlyCount "94"]
[EventDate "2009.10.12"]
[EventType "swiss"]
[EventRounds "9"]
[EventCountry "GER"]
[SourceTitle "CBM 132 Extra"]
[Source "ChessBase"]
[SourceDate "2009.11.03"]
[SourceVersion "1"]
[SourceVersionDate "2009.11.03"]
[SourceQuality "1"]

1. e4 d5 2. exd5 Qxd5 3. Nc3 Qa5 4. Nf3 Nf6 5. Bc4 Bf5 6. d3 c6 7. a3 e6 8. Bd2 Qc7 9. 0-0 Bd6 10. Re1 Nbd7 11. h3 0-0-0 12. Bg5 h6 13. Bxf6 gxf6 14. Qe2 Rdg8 15. Ne4 Bxh3 16. g3 Bg4 17. Qe3 Kb8 18. Nh2 f5 19. Nxd6 Qxd6 20. Nxg4 Rxg4 21. Kh2 f4 22. gxf4 Rxf4 23. Kh1 Rh4+ 24. Kg1 Qh2+ 25. Kf1 Rg8 26. Ke2 Rh3 27. Qd4 Qe5+ 28. Qxe5+ Nxe5 29. Ba2 Rg2 30. Rh1 Rhh2 31. Rxh2 Rxh2 32. Ke3 Ng4+ 33. Kf3 h5 34. Rf1 Kc7 35. Bb3 Kd6 36. Kg3 f5 37. f3 h4+ 38. Kf4 e5+ 39. Kxf5 Ne3+ 40. Ke4 Nxf1 41. f4 exf4 42. Kxf4 Rg2 43. Bf7 h3 44. Bh5 Nd2 45. Bf3 Nxf3 46. Kxf3 Rxc2 47. Kg3 h2 0-1